00994nam a2200301Ia 4500001000700000003000500007008004100012010001100053020001800064040000900082082002200091100002800113111008300141245010600224260002900330300001100359503001700370650004100387650005200428700004500480901002200525902000600547910000900553942000600562942000700568999001900575952009800594Z_4516CHAP220113s2007 xx 000 0 und d a167591 a0-85199-517-9 cCHAP a636.40892 S9 2007 aQueitsch, Jurgen993156 aSymposium on digestive physiology in pigs (8 : Uppsala, Sweden : 2007)9141845 aDigestive physiology of pigs : proceedings of the 8th symposium /ced. by J. E. Lindberg and B. Ogle aMéxico :bCABI,c2007 a394 p. aej.1: 248068 aGanado porcinoxDigestión 9141846 aGanado porcinoxFisiologíaxCongresos9141847 a1. Lindberg, J. E. II. Ogle, B.9141848 a636.40892 S9 2007 aM a2007 c1 cc1 c167591d167591 00102ddc40708GRALaZbZc1d2005-11-09pz_5691r2022-01-18 00:00:00t1w2022-01-18yLIBRO